<?xml version="1.0" encoding="UTF-8"?>
<marc:record xmlns:marc="http://www.loc.gov/MARC21/slim">
   <marc:leader>00000nam a2200000 a 4500</marc:leader>
   <marc:datafield ind1="1" ind2=" " tag="100">
      <marc:subfield code="a">Beaton, M. C.</marc:subfield>
      <marc:subfield code="4">aut</marc:subfield>
      <marc:subfield code="e">Verfasser/-in</marc:subfield>
   </marc:datafield>
   <marc:datafield ind1="0" ind2="0" tag="245">
      <marc:subfield code="a">Hamish Macbeth fängt einen dicken Fisch</marc:subfield>
   </marc:datafield>
   <marc:datafield ind1="0" ind2="0" tag="245">
      <marc:subfield code="b">Kriminalroman</marc:subfield>
   </marc:datafield>
   <marc:datafield ind1="0" ind2="0" tag="245">
      <marc:subfield code="c">M. C. Beaton</marc:subfield>
   </marc:datafield>
   <marc:datafield ind1=" " ind2="1" tag="264">
      <marc:subfield code="a">Köln</marc:subfield>
      <marc:subfield code="b">Lübbe</marc:subfield>
      <marc:subfield code="c">2024</marc:subfield>
   </marc:datafield>
   <marc:datafield ind1="1" ind2=" " tag="490">
      <marc:subfield code="a">Hamish Macbeth</marc:subfield>
      <marc:subfield code="v">15</marc:subfield>
   </marc:datafield>
   <marc:datafield ind1=" " ind2=" " tag="250">
      <marc:subfield code="a">1. Auflage 2024</marc:subfield>
   </marc:datafield>
   <marc:datafield ind1="1" ind2=" " tag="520">
      <marc:subfield code="a">In welchen trüben Gewässern muss Hamish diesmal angeln?&#xD;
&#xD;
Eigentlich ist Tommy Jarret auf der Suche nach einem Seeungeheuer in der Nähe des Dorfes Drim. Aber dann ist er plötzlich tot. Offenbar starb er an einer Überdosis Drogen. Hamish Macbeth findet das Ableben des Jungen ein bisschen sehr merkwürdig - und seine Spürnase hat den schottischen Dorfpolizisten noch nie getäuscht! Daher beschließt er, undercover zu ermitteln, und schleust sich in den illegalen Drogenhandel im nahe gelegenen Strathbane ein. Seine Tarnung fliegt allerdings schnell auf, nachdem er sich mit der knallharten Glasgower Kriminalinspektorin Olivia zusammengetan hat, um den Fall aufzuklären. Für den schlaksigen Gesetzeshüter heißt es nun: untergehen oder schwimmen ...</marc:subfield>
   </marc:datafield>
   <marc:datafield ind1=" " ind2=" " tag="020">
      <marc:subfield code="a">9783404192427</marc:subfield>
      <marc:subfield code="9">9783404192427</marc:subfield>
   </marc:datafield>
   <marc:datafield ind1=" " ind2=" " tag="020">
      <marc:subfield code="a">3404192427</marc:subfield>
      <marc:subfield code="9">3404192427</marc:subfield>
   </marc:datafield>
   <marc:datafield ind1=" " ind2=" " tag="041">
      <marc:subfield code="a">ger</marc:subfield>
   </marc:datafield>
   <marc:datafield ind1=" " ind2=" " tag="300">
      <marc:subfield code="a">272 Seiten</marc:subfield>
   </marc:datafield>
</marc:record>
